Инновационный менеджмент: учебник

Bibliografiske detaljer
Hovedforfatter: Медынский В. Г. Владимир Григорьевич
Summary:В учебнике даются характеристика инновационного процесса как объекта управления, его структура, раскрывается содержание инновационного менеджмента, рассматриваются внешние и внутренние факторы, влияющие на процесс освоения инноваций. Изложен механизм системы управления инновационными организациями, рассказано о порядке создания, принципах функционирования, реструктуризации и реинжиниринга инновационных предприятий. Большое внимание уделяется организационным структурам инновационного менеджмента. Для студентов, аспирантов и преподавателей вузов.
Sprog:russisk
Udgivet: Москва, Инфра-М, 2008
Serier:Высшее образование
Fag:
Format: MixedMaterials Bog
KOHA link:https://koha.lib.tpu.ru/cgi-bin/koha/opac-detail.pl?biblionumber=120788

MARC

LEADER 00000nam0a2200000 4500
001 120788
005 20231031125140.0
010 |a 9785160022260 
035 |a (RuTPU)RU\TPU\book\130793 
090 |a 120788 
100 |a 20070905d2008 m y0rusy50 ca 
101 0 |a rus 
102 |a RU 
105 |a a j 001zy 
200 1 |a Инновационный менеджмент  |e учебник  |f В. Г. Медынский 
210 |a Москва  |c Инфра-М  |d 2008 
215 |a 295 с.  |c ил. 
225 1 |a Высшее образование 
320 |a Библиогр.: с. 289-291. 
330 |a В учебнике даются характеристика инновационного процесса как объекта управления, его структура, раскрывается содержание инновационного менеджмента, рассматриваются внешние и внутренние факторы, влияющие на процесс освоения инноваций. Изложен механизм системы управления инновационными организациями, рассказано о порядке создания, принципах функционирования, реструктуризации и реинжиниринга инновационных предприятий. Большое внимание уделяется организационным структурам инновационного менеджмента. Для студентов, аспирантов и преподавателей вузов. 
610 1 |a экономика 
610 1 |a инновации 
610 1 |a инновационный менеджмент 
610 1 |a инновационный процесс 
610 1 |a инновационная политика 
610 1 |a внешняя среда 
610 1 |a организационные структуры 
610 1 |a новая продукция 
610 1 |a реструктуризация 
610 1 |a инновационные проекты 
610 1 |a инновационные предприятия 
610 1 |a патентная деятельность 
610 1 |a лицензионная деятельность 
610 1 |a стратегическое управление 
610 1 |a учебники 
686 |a У9(2)0-551я73  |v LBC/SL-A  |2 rubbk 
700 1 |a Медынский  |b В. Г.  |g Владимир Григорьевич 
801 1 |a RU  |b 63413507  |c 20070905  |g PSBO 
801 2 |a RU  |b 63413507  |c 20150827  |g PSBO 
900 |a Инновационный менеджмент 
900 |a Инновационный и стратегический менеджмент 
942 |c BK 
951 |b 080507 
959 |a 53/20070904  |d 3  |e 97,90  |f ЧЗГЛ:1  |f АНЛ:2